| 000 | 00000nas##2200000za#4500 |
| 001 | 9.510755 |
| 003 | CaOODSP |
| 005 | 20250206125412 |
| 007 | ta |
| 008 | 150406c2002||||xxc|| p #||||f| |0fre|d |
| 022 | |a1499-5018 |
| 040 | |aCaOODSP|bfre |
| 041 | |aeng |
| 041 | |afre |
| 043 | |an-cn--- |
| 086 | 1 |aA103-1 |
| 110 | 2 |aAgence canadienne d'inspection des aliments. |
| 245 | 10|aL'avant-garde : |bsalubrité des aliments, santé des animaux et protection des végetaux |
| 260 | |aOttawa - Ontario : |bAgence canadienne d'inspection des aliments |
| 310 | |aTrois fois par année |
| 362 | 1 |aVol. 1, n° 1, mars 2002-- |
| 563 | |aCouverture souple |
| 776 | 0#|tL'avant-garde : |w(CaOODSP)9.502494 |
| 776 | 0#|tFrontline |w(CaOODSP)9.506091 |
| 791 | |tFrontline : |eeng|w(CaOODSP)9.510754 |